000
00239nam a2200097Ia 4500
001
688991
005
20250826161625.0
008
250824s9999 xx 000 0 und d
245
0
_a
ŞAHİN BEY
_c
İSMAİL BİLGİN
260
_b
TİMAŞ YAYINLARI
999
_c
688991
_d
688991